[Event "ACP Golden Classic 2014"]
[Site "Bergamo ITA"]
[Date "2014.07.17"]
[Round "5.3"]
[White "Sutovsky, Emil"]
[Black "Nepomniachtchi, Ian"]
[Result "1/2-1/2"]
[WhiteTitle "GM"]
[BlackTitle "GM"]
[WhiteElo "2620"]
[BlackElo "2730"]
[WhiteFideId "2802007"]
[BlackFideId "4168119"]
[EventDate "2014.07.12"]

1. e4 c5 2. Nf3 d6 3. Bb5+ Nd7 4. O-O Nf6 5. d4 cxd4 6. Qxd4 g6 7. e5 dxe5 8.
Qxe5 Bg7 9. Re1 e6 10. Qd6 Qe7 11. Qxe7+ Kxe7 12. Bd2 Kf8 13. Bb4+ Kg8 14. Nc3
a6 15. Bxd7 Bxd7 16. Rad1 Be8 17. Ne5 b5 18. Be7 h6 19. f4 Ra7 20. Bxf6 Bxf6 21.
Ne4 Be7 22. Nd6 Kg7 23. c3 Rc7 24. Re2 Rf8 25. Nxe8+ Rxe8 26. Red2 g5 27. g3 f6
28. Nf3 Bc5+ 29. Kg2 gxf4 30. gxf4 Be3 31. Rd7+ Rxd7 32. Rxd7+ Kg6 33. Rd6 Kf5
34. Nd4+ Bxd4 35. Rxd4 Rg8+ 36. Kf3 Rg1 37. a4 Rf1+ 38. Ke3 Kg4 39. axb5 axb5
40. Rb4 Rf3+ 41. Ke2 Rh3 42. Rxb5 Kxf4 43. Rb4+ Kf5 44. c4 Rxh2+ 45. Kd3 Rh3+
46. Kd2 Ke5 47. c5 Rh2+ 48. Kc3 Kd5 49. Rc4 Kc6 50. b4 Rh3+ 51. Kd2 Ra3 52. Rh4
Kb5 53. Rxh6 Kxb4 54. Rxf6 Ra6 55. Kd3 Kxc5 56. Rf4 Ra3+ 57. Ke2 Kd5 58. Rh4 e5
59. Rb4 e4 60. Rb8 Kd4 1/2-1/2

[Event "ACP Golden Classic 2014"]
[Site "Bergamo ITA"]
[Date "2014.07.20"]
[Round "7.3"]
[White "Nepomniachtchi, Ian"]
[Black "Vocaturo, Daniele"]
[Result "0-1"]
[WhiteTitle "GM"]
[BlackTitle "GM"]
[WhiteElo "2730"]
[BlackElo "2584"]
[WhiteFideId "4168119"]
[BlackFideId "813192"]
[EventDate "2014.07.12"]

1. e4 e5 2. Nf3 Nc6 3. d4 exd4 4. Nxd4 Bc5 5. Nb3 Bb6 6. Nc3 Nf6 7. Qf3 d6 8.
Bg5 Ne5 9. Qe2 h6 10. Bh4 Ng6 11. Bg3 O-O 12. O-O-O Re8 13. f3 Nh5 14. Bf2 f5
15. Bxb6 axb6 16. Qd2 fxe4 17. Bc4+ Be6 18. Bxe6+ Rxe6 19. Rhe1 Nf6 20. fxe4 Qd7
21. Nd4 Ree8 22. Kb1 Qf7 23. b3 Ra5 24. Rf1 Rae5 25. Rf3 Nh4 26. Rff1 Ng6 27.
Kb2 Qe7 28. Nf5 Qe6 29. Ng3 Ne7 30. Rf3 b5 31. a3 Rc5 32. h3 Qe5 33. Re1 Ned5
34. Re2 Nxc3 35. Rxc3 Ra8 36. Re3 Ra6 37. Qd3 Ra8 38. Nf1 Re8 39. Nd2 c6 40. Rf3
d5 41. Rf5 Qxc3+ 42. Qxc3 Rxc3 43. Kxc3 dxe4 44. Kd4 Kf7 45. Re5 Rxe5 46. Kxe5
e3 47. Nf3 e2 48. Kd4 Nd5 49. g3 b4 50. axb4 Nxb4 51. Kc3 c5 52. Kd2 Ke6 53. Ne1
Kd5 54. Kxe2 Ke4 55. Kd2 b6 56. Ke2 Nc6 57. c3 Na5 58. b4 cxb4 59. cxb4 Nc6 60.
Nd3 Nd4+ 61. Kd2 Kf3 62. g4 Kg3 63. Ke3 Nc2+ 64. Kd2 Na3 65. Ne5 Kxh3 66. Kd3
Kg3 67. Ke4 Nc2 68. b5 Na3 69. Kf5 Nxb5 70. Kg6 Kf4 71. Nc4 Kxg4 72. Ne3+ Kf3
73. Nd5 Nd4 74. Nxb6 Ne6 75. Nc4 Nf4+ 76. Kxg7 h5 77. Nd2+ Kg2 78. Ne4 Ne6+ 79.
Kf6 h4 80. Kf5 h3 81. Kg4 h2 82. Ng3 Ng7 0-1